000 00456nam a22001697a 4500
020 _axxxxxxxxxx
082 _aREF 382 BRA
100 _aBrainard, William
245 _aUncertainity and Diversification in International Trade
250 _aCenter paper No. 145
260 _aYale
_bYale University
_c1970
300 _a285p.
_bill.;22cm
500 _aIncludes references
650 _aInternational trade
700 _aCooper, Richard N.
942 _cBK
999 _c12586
_d12586